|
|
|
|
| LEADER |
00000nam0a2200000 4500 |
| 001 |
119090 |
| 005 |
20231031124420.0 |
| 010 |
|
|
|a 5268001876
|
| 035 |
|
|
|a (RuTPU)RU\TPU\book\128867
|
| 090 |
|
|
|a 119090
|
| 100 |
|
|
|a 20070621d1989 m y0rusy50 ca
|
| 101 |
0 |
|
|a rus
|
| 102 |
|
|
|a RU
|
| 105 |
|
|
|a a z 000ay
|
| 200 |
1 |
|
|a Русская литературная сказка
|f сост. , вступ. ст. и примеч. Н. А. Листикова
|
| 210 |
|
|
|a Москва
|c Советская Россия
|d 1989
|
| 215 |
|
|
|a 464 с.
|c ил.
|
| 320 |
|
|
|a Краткие биографические данные авторов: с. 446-459
|
| 610 |
1 |
|
|a русская литература
|
| 610 |
1 |
|
|a русские писатели
|
| 610 |
1 |
|
|a сказки
|
| 675 |
|
|
|a Р1
|v 3
|
| 702 |
|
1 |
|a Листикова
|b Н. А.
|4 220
|
| 801 |
|
1 |
|a RU
|b 63413507
|c 20070621
|g PSBO
|
| 801 |
|
2 |
|a RU
|b 63413507
|c 20070914
|g PSBO
|
| 942 |
|
|
|c BK
|